|
|
|
|
| LEADER |
01274nam a2200325 a 4500 |
| 001 |
EBC3320059 |
| 003 |
MiAaPQ |
| 005 |
20200520144314.0 |
| 006 |
m o d | |
| 007 |
cr cn||||||||| |
| 008 |
130812s2011 gw s 000 0 ger d |
| 020 |
|
|
|z 9783862191307
|
| 020 |
|
|
|z 9783862191314 (e-book)
|
| 035 |
|
|
|a (MiAaPQ)EBC3320059
|
| 035 |
|
|
|a (Au-PeEL)EBL3320059
|
| 035 |
|
|
|a (CaPaEBR)ebr10742883
|
| 035 |
|
|
|a (OCoLC)904027168
|
| 040 |
|
|
|a MiAaPQ
|c MiAaPQ
|d MiAaPQ
|
| 050 |
|
4 |
|a HD84
|b .S37 2011
|
| 245 |
0 |
0 |
|a Schritte auf dem Weg zur Solidarischen Okonomie
|h [electronic resource] /
|c Verein zur Forderung der Solidarischen Okonomie e.V. Hrsg. ; Koordination Clarita Muller-Plantenberg.
|
| 260 |
|
|
|a Kassel :
|b Kassel University Press,
|c 2011.
|
| 300 |
|
|
|a 277 p.
|
| 533 |
|
|
|a Electronic reproduction. Ann Arbor, MI : ProQuest, 2015. Available via World Wide Web. Access may be limited to ProQuest affiliated libraries.
|
| 650 |
|
0 |
|a Economic development.
|
| 650 |
|
0 |
|a Solidarity.
|
| 655 |
|
4 |
|a Electronic books.
|
| 700 |
1 |
|
|a Muller-Plantenberg, Clarita.
|
| 710 |
2 |
|
|a Verein zur Forderung der Solidarischen Okonomie e.V.
|
| 710 |
2 |
|
|a ProQuest (Firm)
|
| 856 |
4 |
0 |
|u https://ebookcentral.proquest.com/lib/matrademy/detail.action?docID=3320059
|z Click to View
|